ბათუმის შოთა რუსთაველის სახელმწიფო უნივერსიტეტის ბიბლიოთეკა

Строительная механика. (ბიბ.ჩანაწერი № 37459)

000 -LEADER
fixed length control field 00717nam a2200229Ia 4500
001 - CONTROL NUMBER
control field 3420
003 - CONTROL NUMBER IDENTIFIER
control field GE_BSU
008 - FIXED-LENGTH DATA ELEMENTS--GENERAL INFORMATION
fixed length control field 181216s||||||||xx |||||||||||||| ||und||
040 ## - CATALOGING SOURCE
Transcribing agency GE_BSU
080 ## - UNIVERSAL DECIMAL CLASSIFICATION NUMBER
Universal Decimal Classification number 624.01/.07(075.8)
100 ## - MAIN ENTRY--PERSONAL NAME
Personal name Даркова,А.В Клейн,Г.К. Кузнецов,В.И и др.
245 ## - TITLE STATEMENT
Title Строительная механика.
245 ## - TITLE STATEMENT
Remainder of title Учебник для вузов.
245 ## - TITLE STATEMENT
Statement of responsibility, etc. Под ред. А.В. Даркова.
250 ## - EDITION STATEMENT
Edition statement Изд. 7-е, перераб. и доп.
260 ## - PUBLICATION, DISTRIBUTION, ETC.
Place of publication, distribution, etc. М.
260 ## - PUBLICATION, DISTRIBUTION, ETC.
Name of publisher, distributor, etc. Высш. школа.
260 ## - PUBLICATION, DISTRIBUTION, ETC.
Date of publication, distribution, etc. 1976.
300 ## - PHYSICAL DESCRIPTION
Extent 600 стр. с илл. 25 см.
653 ## - INDEX TERM--UNCONTROLLED
Uncontrolled term Строительная механика.
942 ## - ADDED ENTRY ELEMENTS (KOHA)
Koha item type წიგნი
ეგზემპლარები
Withdrawn status Lost status Damaged status Not for loan Date acquired Barcode Date last seen Price effective from Koha item type
        2018-12-17 10063 2018-12-17 2018-12-17 წიგნი